[Event "Andorra op 23rd"]
[Site "Andorra"]
[Date "2005.07.12"]
[Round "4"]
[White "Arizmendi Martinez, Julen Luis"]
[Black "Ermenkov, Evgenij"]
[Result "1-0"]
[WhiteElo "2504"]
[BlackElo "2478"]
[Annotator "Arizmendi,J"]
[PlyCount "101"]
[EventDate "2005.07.09"]
[EventType "swiss"]
[EventRounds "9"]
[EventCountry "AND"]
[SourceTitle "CBM 107 Extra"]
[Source "ChessBase"]
[SourceDate "2005.09.01"]
[SourceVersion "1"]
[SourceVersionDate "2005.09.01"]
[SourceQuality "1"]

1. e4 c5 2. Nf3 d6 3. d4 cxd4 4. Nxd4 Nf6 5. Nc3 Nc6 6. Bg5 e6 7. Qd2 Be7 8.
O-O-O Nxd4 9. Qxd4 O-O 10. f3 ({Much more popular is} 10. f4 {, but the
English Attack set up is also interesting.}) 10... a6 11. h4 b5 12. Kb1 Qa5 (
12... Qc7 13. h5 (13. g4 {is probably better, and will most likely transpose
to the Bologan-Obodchuk game below.}) 13... h6 14. Bh4 Bb7 15. Ne2 Rac8 16. Qd2
Rfd8 17. Re1 e5 18. Bxf6 Bxf6 19. Nc3 Bg5 20. Qd1 Qa5 21. Nd5 Bxd5 22. exd5
Rxc2 23. Kxc2 Qxa2 24. f4 Rc8+ 25. Kd2 Bxf4+ 26. Ke2 Qxb2+ 27. Kf3 Rc1 {
0-1 Ivanchuk,V-Anand,V/Linares 1998/CBM 064 (27)}) (12... Bb7 13. g4 (13. Qd2
Qc7 14. Ne2 Rac8 15. Nd4) 13... Qc7 14. Qd2 Rfd8 15. Ne2 e5 (15... Rac8 16. Nd4
e5 17. Nf5 d5) 16. Bxf6 Bxf6 17. g5 Be7 18. Nc3 Qc5 19. Bd3 Rf8 20. Ne2 Rad8
21. Ng3 d5 22. Qe2 d4 23. Nh5 Bc6 24. f4 exf4 25. Rhf1 Bd6 26. Nxf4 Rde8 27.
Nh5 Be5 28. Rf2 Re6 29. Rdf1 g6 30. Nf6+ Bxf6 31. Rxf6 Bd7 32. Qf2 Rxf6 33.
Qxf6 Be6 34. h5 gxh5 35. e5 Qd5 36. b3 Rc8 37. Qh6 Qxe5 38. Bxh7+ Kh8 39. Bg6+
{1-0 Bologan-Obodchuk, Poikovsky 2002}) 13. Qd2 (13. g4 b4 14. Ne2 e5 15. Qd2
Be6 16. Nc1 Rfd8 17. Bxf6 Bxf6 18. g5 Be7 19. Bh3 d5 20. Bxe6 fxe6 21. exd5
Rxd5 22. Qe2 $14 {De la Riva Aguado-Siegel, France 1998.}) 13... b4 14. Ne2 e5
15. c4 $1 {My opponent had played very quickly up to this point, but here he
stopped a little. Strangely enough, this move had only been played once, but I
believe it deserves more attention.} Be6 16. Ng3 Rfd8 17. Bd3 Qc7 {A new move,
but the previous} (17... Rac8 {is more logical. I believe that then the idea}
18. Nf1 $5 {is quite interesting, just like in the main game.} (18. Rc1 h6 19.
Bxf6 Bxf6 20. Nh5 Be7 21. g4 Kh8 22. Ng3 Rc6 23. g5 Rdc8 24. Nf5 Bf8 25. gxh6
g6 26. Rhg1 Qd8 27. h5 gxf5 28. exf5 Bxc4 29. Bxc4 Rxc4 30. f6 Qxf6 31. Qg2
Rxc1+ 32. Rxc1 Rxc1+ 33. Kxc1 Bxh6+ 34. Kc2 d5 35. Qg4 Qc6+ 36. Kb3 a5 {
0-1 Sax,G-Shengelia,D/Deizisau 2003/CBM 093 ext (36)}) 18... h6 (18... Bxc4 19.
Bxc4 Rxc4 20. Ne3 $44) 19. Bxf6 Bxf6 20. Ne3 Rc5 21. g4 $40) 18. Nf1 a5 ({
Black should probably go ahead and take the pawn, for the game is quite dismal
for him.} 18... b3 19. a3 Bxc4 20. Bxc4 Qxc4 21. Ne3 Qe6 22. Bxf6 Bxf6 23. Nd5
$44) 19. g4 $5 {Preventing any ...Nh5 ideas.} (19. Ne3 Nh5) 19... Kf8 $6 (19...
Re8 20. Ne3 Nd7 21. Bxe7 Rxe7 22. Bf1 $16 {The pawn on d6 is hanging.}) (19...
Bxc4 20. Bxc4 Qxc4 21. Ne3 Qe6 22. Bxf6 Bxf6 23. Nd5 $44) 20. Ne3 Nd7 21. Nd5
Bxd5 22. exd5 Re8 23. Bxh7 $1 $16 Qxc4 24. Be3 {The idea is quite clear: White
will push his h-pawn and open lines to reach the black king.} Rec8 25. Bf5 Ke8
26. h5 a4 27. h6 gxh6 28. Rxh6 a3 29. Rh8+ Bf8 30. b3 Qc3 31. Rc1 {This is not
Fritz´s first option, but it certainly is good for a human player. After this
black´s active pieces are exchanged and he can barely put up any resistance.}
Qxc1+ 32. Qxc1 Rxc1+ 33. Bxc1 Nf6 (33... Nb6 34. Bh6 Ke7 35. Bg5+ Ke8 36. Bd3
$1 $18 (36. Be4)) 34. Bh6 Ke7 35. Bg5 Ra5 36. Rh7 $1 $18 {The win after this
is more clearcut.} (36. Bxf6+ Kxf6 37. Rxf8 Rxd5 $16 {/+-}) 36... Rxd5 37. Bg6
Kd8 38. Bxf6+ Be7 39. Be4 Rd2 40. Rh8+ Kc7 41. Bxe7 {The rest requires no
comments.} d5 42. Bf5 Rb2+ 43. Ka1 Rf2 44. Rh1 Rxf3 45. Bxb4 e4 46. Bxa3 e3 47.
Rc1+ Kb7 48. Bc5 e2 49. Re1 Rf1 50. Bb4 Kb6 51. Bd3 1-0

[Event "GER-ch 75th"]
[Site "Hoeckendorf"]
[Date "2004.02.06"]
[Round "8"]
[White "Heinemann, Thies"]
[Black "Meins, Gerlef"]
[Result "1-0"]
[WhiteElo "2426"]
[BlackElo "2460"]
[Annotator "Atlas,V"]
[PlyCount "51"]
[EventDate "2004.01.30"]
[EventType "swiss"]
[EventRounds "9"]
[EventCountry "GER"]
[SourceTitle "CBM 100"]
[Source "ChessBase"]
[SourceDate "2004.06.01"]
[SourceVersion "1"]
[SourceVersionDate "2004.06.01"]
[SourceQuality "1"]

1. e4 c5 2. Nf3 Nc6 3. d4 cxd4 4. Nxd4 Nf6 5. Nc3 d6 6. Bg5 e6 7. Qd2 Be7 8.
O-O-O Nxd4 9. Qxd4 O-O 10. Qd2 h6 11. Bf4 e5 12. Be3 Be6 13. Kb1 a6 14. f3 Qc7
15. g4 Rad8 16. Nd5 Nxd5 17. exd5 Bc8 18. Rg1 Bf6 19. Bd3 Qe7 20. h4 $1 {
[%csl Gd2,Ge3,Gg1,Gg4,Rg5,Rg7,Rg8,Gh4,Rh6][%cal Gg4g5,Gd2h6] An excellent move,
yielding White an irresistible attack. Dieser ausgezeichnete Zug verschafft
Weiß unwiderstehlichen Angriff.} Bxh4 21. Bxh6 $1 f5 (21... gxh6 {loses in
view of verliert wegen} 22. Qxh6 f6 23. Rh1) ({Perhaps, more stubborn was
Hartnäckiger war vielleicht} 21... Qf6 {, although after , obwohl Schwarz nach}
22. Be3 {Black can hardly parry White's manifold threats. die vielfältigen
weißen Drohungen kaum parieren kann.}) 22. gxf5 Bf6 23. Be4 (23. Rg6 {was
winning too. gewann ebenfalls.}) 23... Kf7 24. Bxg7 $1 (24. Rxg7+ Bxg7 25. Bxg7
{was another winning continuation. war eine weitere Gewinnfortsetzung.}) 24...
Bxg7 {[%tqu "En","How would you justify White's bishop sacrifice on the
previous move?","Eliminate a key defender of the black king and bring your
queen into play.","Use the power of your g1-rook!","g1g7","This efficient rook
move crowns White's attack.",5,"De","Wie würden Sie das weiße Läuferopfer im
vorigen Zug rechtfertigen?","Eliminieren Sie einen Schlüsselverteidiger des
schwarzen Königs und schalten Sie Ihre Dame in den Angriff ein.","Bringen Sie
die Kraft Ihres Turms g1 zur Geltung!","g1g7","Dieser effiziente Turmzug krönt
den weißen Angriff.",5]} 25. Rxg7+ $1 {[%csl Gd1,Gd2,Rf7,Gg7] The final
culmination of White's impressive play in this game. Der Schlussakkord des
beeindruckenden Spiels des Weißen in dieser Partie.} Kxg7 26. Qg2+ (26. Qg2+ {
, and Black resigned in view of inevitable mate: und Schwarz gab auf, den er
wird unweigerlich matt:} Kf7 (26... Kh8 27. Rh1+ Qh7 28. Rxh7+ Kxh7 29. f6+ Kh8
(29... Kh6 30. Qg6#) 30. Qg7#) 27. Qg6#) 1-0

[Event "USA-ch GpB"]
[Site "San Diego"]
[Date "2006.03.10"]
[Round "8"]
[White "Shabalov, Alexander"]
[Black "Gulko, Boris F"]
[Result "1-0"]
[WhiteElo "2595"]
[BlackElo "2585"]
[Annotator "Avrukh,B"]
[PlyCount "109"]
[EventDate "2006.03.02"]
[EventType "swiss"]
[EventRounds "9"]
[EventCountry "USA"]
[SourceTitle "CBM 112"]
[Source "ChessBase"]
[SourceDate "2006.06.07"]
[SourceVersion "1"]
[SourceVersionDate "2006.06.07"]
[SourceQuality "1"]

1. e4 c5 2. Nf3 d6 3. d4 cxd4 4. Nxd4 Nf6 5. Nc3 Nc6 6. Bg5 e6 7. Qd2 Be7 8.
O-O-O O-O 9. f3 ({Another popular line is} 9. f4 Qa5 10. Bc4 Nxd4 11. Qxd4 Bd7
12. e5 dxe5 13. fxe5 Bc6 14. Bd2 Nd7 15. Nd5 Qd8 16. Nxe7+ Qxe7) 9... Nxd4 10.
Qxd4 a6 11. h4 b5 12. Kb1 Qc7 13. g4 {Appearantly White's idea was to bring
the knight to h5 later on, so Shabalov refrained from playing 13.h5, which
seems to be quite unpleasant for Black.} (13. h5 {[%cal Gh5h6]} h6 14. Bh4 Bb7
15. g4 b4 $5 16. Na4 $146 Rab8 17. b3 Rfd8 $13 {1/2-1/2 Herrera,I-Kacheishvili,
G/Linares 2001/CBM 81/[Gofshtein,L]}) (13. Qd2 Rb8 14. Bd3 Rd8 15. g4 b4 16.
Ne2 a5 17. Nd4 a4 18. Nb5 Qa5 19. a3 Rxb5 20. Bxb5 Qxb5 21. Qxb4 Qe8 $132 {
1-0 Zhang Pengxiang-Kotronias,V/Linares 2002/CBM 87 ext (57)}) 13... b4 (13...
Rd8 14. h5 (14. Be3 Rb8 15. g5 Ne8 16. h5 b4 17. Ne2 a5 18. f4 $6 a4 19. g6 b3
20. axb3 axb3 21. c3 Bf6 22. Qd3 Qa5 $17 {0-1 Reshetnikov,A-Ionov,S/St
Petersburg 2004 (62)}) 14... b4 15. Ne2 Rb8 16. Qd2 h6 17. Bh4 e5 18. Ng3 Be6
19. Bd3 d5 20. g5 $1 hxg5 21. Bxg5 $36 {1-0 Socko,B-Kotronias,V/Batumi 2002(49)
}) 14. Ne2 a5 {This move is more logical than 14...Bb7 which has been tried
before since it's too early to commit the bishop.} (14... Bb7 15. Be3 Rac8 16.
Qd2 $2 Nxe4 $1 17. Qd3 Nc5 18. Bxc5 Qxc5 19. Nd4 Bf6 $17 {0-1 Cubas Pons,
J-Estremera Panos,S/Cala Mendia 2001 (47)}) 15. Ng3 $5 {[%cal Gg3h5]} a4 (15...
d5 $5 {deserved attention:} 16. Nh5 (16. e5 $2 Bc5 17. Qd2 Nd7 $17) 16... e5
17. Qd2 Nxh5 18. gxh5 dxe4 19. Bxe7 Qxe7 20. h6 $13 {with mutual chances.}) 16.
Nh5 b3 17. Rh2 bxa2+ ({It's too late for} 17... d5 $2 18. Bxf6 gxf6 19. Rg2 {
[%cal Gg4g5]} bxa2+ 20. Ka1 a3 21. b3 e5 22. Qd2 $40 {and White has a very
dangerous initiative on the kingside.}) 18. Ka1 e5 19. Qc4 Qb6 $6 {More in the
spirit of the position was} (19... Qd8 $5 {keeping the queens on the board} 20.
Bxf6 $140 Bxf6 21. Qc6 Be6 22. Qxd6 Be7 $1 $17) 20. Qb5 Rb8 $6 (20... Qd8) 21.
Qxb6 Rxb6 22. Nxf6+ gxf6 ({After trading the bishops Black's pawn on d6 would
become too vulnerable.} 22... Bxf6 $2 23. Bxf6 gxf6 24. Rhd2 Be6 25. Rxd6 Rxd6
26. Rxd6 $16 {[%csl Ra2,Ra4]}) 23. Be3 $14 {White has clearly better pawn
structure so his chances in the arising endgame are better.} Rb4 24. Bd2 Rb7 ({
Not much promised} 24... Rb6 25. Bh6 Re8 26. Be3 Rb7 27. Bc4 $14) 25. Bh6 Rd8
26. Bc4 Be6 27. Bd5 Bxd5 28. Rxd5 Bf8 (28... Rdb8 $5 29. Bc1 h5 {[%cal Gg8h7,
Ge7f8,Gf8h6]}) 29. Bc1 h5 30. g5 ({Quite promising looked} 30. gxh5 Kh7 31.
Kxa2 Bh6 32. Bxh6 Kxh6 33. Ra5 $16 {, but the move in the game is also good
enough.}) 30... Be7 31. Kxa2 Kh7 32. gxf6 Bxf6 33. Bd2 $2 {Wasting a precious
tempo. After the natural} (33. Ra5 $16 {White would keep a big edge.}) 33...
Rc8 34. Bc3 Be7 35. Ba5 Rc4 $132 {[%cal Gf7f5]} ({Even more accurate was} 35...
f5 $1 36. exf5 Rf8 {with excellent counterchances, but obviously Black was
counting on his passer over the h-file.}) 36. c3 f5 37. exf5 Rf4 38. Rh3 Rxh4
$2 {A mistake which costs Black the game. After the correct} (38... Rxf5 {
the position would've remained rather unclear.}) 39. Rxh4 Bxh4 40. Rxd6 Bg3 41.
c4 h4 42. Bd2 $1 $18 {[%cal Gd6h6] Killing Black's counterplay.} Bf4 43. c5 h3
{The rook endgame arising after} (43... Bxd2 44. Rxd2 Kh6 45. Ka3 Kg5 46. Kxa4
$18 {or}) (43... Rc7 44. Bxf4 exf4 45. Rd4 h3 46. Rxf4 Rxc5 47. Rh4+ Kg7 48.
Rxh3 Rxf5 49. Rh4 $18 {is lost for Black.}) 44. c6 Rb5 (44... Rg7 45. f6 Rf7
46. Bxf4 exf4 47. Rd7 Kg6 48. c7 $18) 45. c7 Rc5 46. Rd7+ Kh6 47. Bb4 Rxc7 48.
Rxc7 h2 49. Bf8+ Kg5 50. Rh7 Kxf5 51. Rh5+ Ke6 52. Ka3 Kd5 53. Kxa4 Kd4 54. b4
Ke3 55. Bh6 1-0

[Event "ESP-chA"]
[Site "Ayamonte"]
[Date "2002.10.05"]
[Round "2"]
[White "Fernandez Garcia, Jose Luis"]
[Black "Estremera Panos, Sergio"]
[Result "1/2-1/2"]
[WhiteElo "2453"]
[BlackElo "2359"]
[Annotator "Avrukh,B"]
[PlyCount "66"]
[EventDate "2002.10.04"]
[EventType "tourn"]
[EventRounds "5"]
[EventCountry "ESP"]
[EventCategory "11"]
[SourceTitle "CBM 092"]
[Source "ChessBase"]
[SourceDate "2003.02.06"]
[SourceVersion "1"]
[SourceVersionDate "2003.02.06"]
[SourceQuality "1"]

1. e4 c5 2. Nf3 Nc6 3. d4 cxd4 4. Nxd4 Nf6 5. Nc3 d6 6. Bg5 e6 7. Qd2 Qb6 8.
O-O-O Qxd4 ({After} 8... a6 {white has very dangerous opportunity} 9. Nxc6 bxc6
10. Bc4 $5) 9. Qxd4 Nxd4 10. Rxd4 a6 {Very important position for the whole
line with 7...Qb6} 11. Bxf6 {This continuation was a critical one ,before
Kasparov intoduced in Olympiad new and very strong idea.} (11. f3 Bd7 12. Na4
$1 $146 {[%cal Ga4b6]} Bc6 13. Nb6 Rd8 14. Nc4 {[%cal Gc4a5]} Be7 15. Na5 Rc8
16. Rb4 $1 d5 17. Nxc6 bxc6 18. Rb7 Nd7 19. Bd2 $16 {1-0 Kasparov,
G-Mchedlishvili,M/Bled SLO 2002/The Week in Chess 417 (37)}) 11... gxf6 12. Na4
Bd7 (12... Rg8 $143 $6 13. Nb6 Rb8 14. g3 Rg5 (14... Bd7 15. Nc4 Bc6 16. Bg2 f5
17. Nxd6+ Bxd6 18. Rxd6 fxe4 19. Rhd1 $14) 15. Bg2 Bd7 16. Nc4 $16 {[%csl Gd6]
1-0 Yemelin,V-Shushpanov,R/Tomsk 2001/CBM 82 ext (50)}) 13. Nb6 Rd8 14. Nxd7 {
otherwise this bishop will escape to c6.} Rxd7 {[%mdl 4096] The present
endgame for sure is slightly better for white,especially it will be very
unpleasant for black player,if you hope for a complicated game (if you went
for Rauzer),to get such an endgame with almost no chances to win.On the other
hand in my opinion this should be not so difficult task to hold this endgame ,
of course you have to play accurately.} 15. Be2 Rg8 (15... Ke7 16. Rhd1 Bg7 17.
R4d3 Rc8 18. Rh3 h6 19. f4 Rdc7 20. c3 Rc5 21. Rg3 Bf8 22. Rgd3 Ke8 23. Bf3 (
23. g4 $142 $14) 23... R8c7 24. Kb1 f5 $11 {1/2-1/2 Ciuksyte,Z-Demina,J/Warsaw
2001/CBM 82 ext (48)}) 16. g3 Bh6+ $146 (16... Rg5 17. Rhd1 Rc5 {[%cal Gf6f5]}
(17... f5 $2 18. f4 $16) 18. c3 f5 19. exf5 Rxf5 20. f4 Rc5 21. Kb1 $11 {
1/2-1/2 Andreev,E-Iskusnyh,S/Tula 2001/EXT 2002 (35)}) 17. Kb1 (17. f4 $6 e5 $1
) 17... Ke7 18. Rhd1 Rc8 {This is the main black idea in this endgame -to put
his rook on c5 ,trying to free bishop with next f6-f5.} 19. R1d3 Rc5 20. a4 (
20. f4 e5 (20... Bg7 $5 {[%cal Gf6f5]}) 21. fxe5 fxe5 22. Ra4 d5 $1 $11) 20...
Bg7 {[%cal Gf6f5]} (20... f5 $5 21. exf5 Rxf5 22. f4 Bg7 23. Rb4 Rc5 24. Rdb3
Rcc7 $11) 21. Rb4 (21. f4 f5 22. e5 d5 $132 {[%cal Gf7f6]}) 21... a5 $2 {
Very unaccurate desicion,now a5 pawn becomes a real target.} (21... f5 22. exf5
(22. Rdb3 fxe4 23. Rxb7 Rf5 $1 {[%csl Gf2]}) 22... Rxf5 23. f4 Rc5 24. Rdb3
Rcc7 25. a5 d5 $11 {[%cal Ge7f6,Gg7f8]}) 22. Rb6 Rdc7 (22... Rc6 23. Rb5 Rc5
24. Rdb3 $16) (22... f5 23. exf5 (23. Rdb3 $2 fxe4 24. Rxb7 Rf5 $132 {[%csl
Gf2]}) 23... Rxf5 24. f4 {[%cal Gd3b3]}) 23. Rdb3 (23. c3 R5c6) 23... Rxc2 24.
Rxb7 Bh6 (24... Rc1+ 25. Ka2 f5 26. exf5 Bd4 27. f4) 25. R3b5 $2 {Gives black
opportunity to activate his bishop} (25. f4 $142 $1 {closing the bishop} e5 26.
R3b5 {[%csl Ga5] And black already in serious trouble.For example:} exf4 27.
Rxc7+ Rxc7 28. Rxa5 Rc1+ 29. Ka2 Rc2 30. Ra7+ $1 Ke6 31. Bg4+ Ke5 32. Re7+ Kd4
33. a5 {and not so clear how to stop a-pawn.}) 25... Bd2 $1 {Dark bishop comes
into the play,defending a5-pawn and white already doesn't have any objects to
attack,so now it's clear draw.} 26. Rxc7+ Rxc7 27. Rh5 {Last chance} h6 28. f4
e5 $1 {Last accurate move,now draw is inevitable.} 29. b3 (29. Rxh6 exf4 $11)
29... Rc5 {protecting a5-pawn} 30. Rxh6 exf4 31. gxf4 Bxf4 32. Rh7 {[%cal
Ge2c4]} Rc1+ 33. Kb2 Rh1 $1 (33... Rh1 34. Bc4 (34. h4 $140 $2 Rh2 $19 {
[%csl Ge2]}) 34... Rxh2+ 35. Rxh2 Bxh2 {absolutely equal}) 1/2-1/2

[Event "Minsk"]
[Site "Minsk"]
[Date "1995.??.??"]
[Round "10"]
[White "Korneev, Oleg"]
[Black "Ivanov, Sergey"]
[Result "1-0"]
[WhiteElo "2540"]
[BlackElo "2535"]
[Annotator "Belov,I"]
[PlyCount "91"]
[EventDate "1995.??.??"]
[EventType "tourn"]
[EventRounds "13"]
[EventCountry "BLR"]
[EventCategory "10"]
[SourceTitle "CBM 046 Extra"]
[Source "ChessBase"]
[SourceDate "1995.07.01"]
[SourceVersion "1"]
[SourceVersionDate "1995.07.01"]
[SourceQuality "1"]

1. e4 c5 2. Nf3 d6 3. d4 cxd4 4. Nxd4 Nf6 5. Nc3 Nc6 6. Bg5 e6 7. Qd2 Be7 8.
O-O-O O-O 9. Nb3 d5 10. exd5 (10. Bxf6 Bxf6 11. exd5 Bxc3 12. Qxc3 exd5 13. g3
Bg4 $1 14. Rd2 (14. f3 $1 Qg5+ 15. Kb1 Bf5 16. Bd3 $14 {van der Wiel,
J-Miralles,G/Cannes/1990/1:0/26/}) 14... d4 $1 15. Qc5 (15. Nxd4 $2 Qd5) 15...
Bf3 16. Rg1 Re8 17. Bb5 Re5 18. Qc4 Qe7 19. Qf1 d3 $5 $13 {Yudasin,L-Utemov,V/
URS/1989/0.5/32/}) 10... Nxd5 11. Bxe7 Qxe7 (11... Ndxe7 12. g3 (12. Qe3 Qc7
13. g3 b6 14. Nb5 Qb8 15. Bg2 Bb7 16. Rd7 Bc8 17. Rd2 Bb7 18. Rhd1 $14 {
Glek,I-Baikov,V/Moscow-ch/1989/0:1/59/}) 12... Qc7 13. Qd6 Qb6 14. Qc5 Qxc5 15.
Nxc5 b6 16. N5e4 e5 $10 {Varavin,V-Lugovoi,A/Kstovo op(2)/1994/0:1/56/}) 12.
Nxd5 exd5 13. Bb5 (13. Bd3 Be6 14. Rhe1 Rac8 15. Kb1 $14) 13... Be6 14. Rhe1
Rac8 15. Kb1 Qd6 (15... Qf6 16. Bxc6 Rxc6 (16... bxc6 17. Nc5 Bf5 18. Qd4 $16)
17. Nd4 Rb6 18. Re3 $16) 16. h3 a6 17. Bf1 $1 $146 (17. Bxc6 bxc6 18. Qe3 c5
$10 {Van der Wiel,J-Lobron,E/Lyon/1988/}) 17... Bf5 $2 (17... Rfd8 $14) 18. g4
Bg6 19. f4 f6 20. Bg2 (20. Qxd5+ $6 Qxd5 21. Rxd5 Bxc2+ (21... Nb4 22. Rd7 Nxc2
23. Ree7) 22. Ka1 Rfd8 $10) 20... Ne7 21. f5 Bf7 22. Nd4 $16 Rfe8 23. a3 Nc6 (
23... Rcd8 24. Ne6 Bxe6 25. Rxe6 Qc5 26. Rde1 Rd7 27. g5 $18) 24. Ne6 Bxe6 (
24... Nd8 25. Qxd5 Qxd5 26. Bxd5 Bxe6 27. Bxe6+ Nxe6 28. Rxe6 Rxe6 29. fxe6 Re8
30. Rd7 b5 31. Rd6 a5 32. Rb6 $18) 25. Rxe6 Rxe6 26. Bxd5 Kf8 27. Bxe6 Qxd2 28.
Rxd2 Rd8 $6 (28... Rc7 $5 29. Rd7 Rxd7 30. Bxd7 Na7 31. c4 Ke7 32. Be6 Kd6 33.
b4 b6 $16) 29. Rxd8+ Nxd8 30. Bd5 $18 Ke7 31. c4 Kd6 32. Kc2 Ke5 33. b4 Kd4 34.
a4 b5 (34... b6 35. a5 bxa5 36. bxa5 Kc5 37. Kc3 $18) 35. Kb3 h6 36. a5 h5 37.
gxh5 Ke5 38. Bf3 bxc4+ (38... Kxf5 39. cxb5 axb5 40. a6 $18) 39. Kxc4 Kxf5 40.
Kc5 Ne6+ 41. Kb6 Nd4 42. Bg4+ Kg5 43. Kxa6 f5 44. Kb6 $1 fxg4 45. hxg4 Kf6 46.
a6 1-0